Regioni Italiane - Statistics

Statistiche generali
  • Questo quiz è stato fatto 1.963 volte
  • Il punteggio medio è 17 su 18
Statistiche sulle risposte
CAPOLUOGO REGIONE % Corretto
Roma Lazio
97%
Palermo Sicilia
97%
Napoli Campania
96%
Milano Lombardia
96%
Cagliari Sardegna
96%
Firenze Toscana
96%
Bologna Emilia-Romagna
95%
Genova Liguria
95%
Torino Piemonte
95%
Bari Puglia
95%
Venezia Veneto
95%
Trento Trentino-Alto Adige
94%
Aosta Valle d'Aosta
94%
Catanzaro Calabria
93%
Trieste Friuli-Venezia Giulia
93%
Ancona Marche
91%
Campobasso Molise
91%
Perugia Umbria
90%
Nessun quiz corrispondente trovato
Distribuzione punteggi
Percentuale di utenti per punteggio
Percentile per numero di risposta
I tuoi punteggi nel tempo
Non hai fatto questo quiz